000 00787nam a2200205Ii 4500
003 JO-AjNU
008 230605s9999||||xx |||||||||||||| ||und||
040 _aJO-AjNU
_bara
_erda
_cJO-AjNU
041 _aara
050 1 4 _aHM17.H3722.1999
100 3 _aالحسن، احسان محمد,
_eauthor
_927507
245 0 0 _aموسوعة علم الاجتماع 
250 _aط1
264 3 1 _aبيروت: الدار العربية للموسوعات، 1999
300 _a698ص
_bيشتمل على مراجع ببلوغرافية باللغة العربية واللغة الانجليزية ص(691-698)
336 _atext
_btxt
_2rdacontent
337 _aunmediated
_bn
_2rdamedia
338 _avolume
_bnc
_2rdacarrier
650 4 _aعلم الاجتماع -- دوائر معارف
_927508
999 _aA10558
_c14126
_d14126